Cartagena (Registro nro. 154306)

Detalles MARC
000 -LEADER
campo de control de longitud fija 01017nam a22002295i 4500
001 - NÚMERO DE CONTROL
campo de control 154306
003 - IDENTIFICADOR DE NÚMERO DE CONTROL
campo de control ES-MaACL
005 - FECHA Y HORA DE LA ÚLTIMA TRANSACCIÓN
campo de control 20230906205645.0
008 - DATOS DE LONGITUD FIJA--INFORMACIÓN GENERAL
campo de control de longitud fija 960806s1875 sp |||| | spa d
040 ## - FUENTE DE CATALOGACIÓN
Centro catalogador/agencia de origen CARM
Lengua de catalogación spa
Centro/agencia transcriptor CCPB | SIC
080 ## - NÚMERO DE LA CLASIFICACIÓN DECIMAL UNIVERSAL
Número de la Clasificación Decimal Universal 929 Giménez Enrich, Saturnino
080 ## - NÚMERO DE LA CLASIFICACIÓN DECIMAL UNIVERSAL
Número de la Clasificación Decimal Universal 946.033 Cartagena "18"
100 1# - ENTRADA PRINCIPAL--NOMBRE DE PERSONA
Nombre de persona Giménez Enrich, Saturnino.
9 (RLIN) 149333
245 10 - MENCIÓN DEL TÍTULO
Título Cartagena
Resto del título : (Recuerdos cantonales) /
Mención de responsabilidad, etc. Saturnino Giménez.
260 ## - PUBLICACIÓN, DISTRIBUCIÓN, ETC.
Lugar de publicación, distribución, etc. Madrid, etc. :
Nombre del editor, distribuidor, etc. Sociedad Bibliográfica Peninsular,
Fecha de publicación, distribución, etc. 1875.
300 ## - DESCRIPCIÓN FÍSICA
Extensión 254 p. ;
Dimensiones 17 cm.
490 1# - MENCIÓN DE SERIE
Mención de serie Autores modernos españoles
651 #4 - PUNTO DE ACCESO ADICIONAL DE MATERIA--NOMBRE GEOGRÁFICO
Nombre geográfico Cartagena-
Subdivisión general Historia-
Subdivisión cronológica S.XIX.
9 (RLIN) 149334
830 0# - PUNTO DE ACCESO ADICIONAL DE SERIE-TÍTULO UNIFORME
Título uniforme Autores modernos españoles
9 (RLIN) 221487
852 ## - LOCALIZACIÓN
Ubicación ES-MaACL
Número de control de estantería G-477
Nota libre -- Sin enc.
-- -- Sobre el pie de imp. consta una banderilla: "Madrid : Cárlos Bailly-Bailliere"
Encuadernación -- Edic.: El pie de imp. es: "Madrid: Librería de A. San Martín; Madrid ; Barcelona : Sociedad Bibliográfica Peninsular, 1875 (Barcelona : Tip. de J. Pons)"
Existencias
Estatus retirado Estado de pérdida Estado de daño No para préstamo Colección Biblioteca de origen Biblioteca actual Ubicación en estantería Fecha de adquisición Fuente de adquisición Total de préstamos Signatura topográfica completa Código de barras Visto por última vez Precio de reemplazo Tipo de ítem Koha
        Libros del s. XIX Biblioteca del Ateneo de Madrid Biblioteca del Ateneo de Madrid Depósito 2 17/01/2008     G-477 1161363 23/02/2023 23/02/2023 Libro impreso antiguo